[Event "Olympiad-45"]
[White "Miah, Zahed"]
[Black "Dennis, Nathan"]
[Site "Budapest"]
[Round "8.4"]
[Result "1-0"]
[Date "2024.09.19"]
[WhiteElo "1895"]
[BlackElo "1828"]
[PlyCount "83"]
[EventDate "2024.09.11"]
[EventType "team-swiss"]
[EventRounds "11"]
[EventCountry "HUN"]
[SourceTitle "EXT 2025"]
[Source "ChessBase"]
[SourceDate "2024.10.14"]
[SourceVersion "1"]
[SourceVersionDate "2024.10.14"]
[SourceQuality "1"]
[WhiteTeam "Isle of Man"]
[BlackTeam "Bermuda"]
[WhiteTeamCountry "IOM"]
[BlackTeamCountry "BER"]

1. e4 Nf6 2. e5 Nd5 3. d4 d6 4. c4 Nb6 5. exd6 cxd6 6. Nc3 g6 7. Be3 Bg7 8. Rc1 0-0 9. Be2 Nc6 10. Nf3 d5 11. b3 dxc4 12. bxc4 Bg4 13. d5 Bxf3 14. gxf3 Ne5 15. Qb3 Qc7 16. c5 Nc8 17. Ne4 Nd7 18. 0-0 a6 19. Rfd1 Be5 20. h3 Na7 21. d6 exd6 22. cxd6 Qb8 23. f4 Bg7 24. Rc7 Qe8 25. Bf3 Nc6 26. Qxb7 Na5 27. Qd5 Nf6 28. Nxf6+ Bxf6 29. Qxa5 Rb8 30. Qd5 Bd8 31. Rb7 Rxb7 32. Qxb7 Qe6 33. Qxa6 Qxh3 34. Qc6 Qe6 35. a4 h5 36. d7 Qxc6 37. Bxc6 Kg7 38. Bd4+ f6 39. Re1 Rh8 40. Re8 Kh7 41. Rxd8 Rxd8 42. Bxf6 1-0

[Event "Olympiad-45"]
[White "Daniel, Cyrus"]
[Black "Miah, Zahed"]
[Site "Budapest"]
[Round "3.71"]
[Result "1-0"]
[Date "2024.09.13"]
[WhiteElo "1759"]
[BlackElo "1895"]
[PlyCount "77"]
[EventDate "2024.09.11"]
[EventType "team-swiss"]
[EventRounds "11"]
[EventCountry "HUN"]
[SourceTitle "EXT 2025"]
[Source "ChessBase"]
[SourceDate "2024.10.14"]
[SourceVersion "1"]
[SourceVersionDate "2024.10.14"]
[SourceQuality "1"]
[WhiteTeam "Santa Lucia"]
[BlackTeam "Isle of Man"]
[WhiteTeamCountry "SLU"]
[BlackTeamCountry "IOM"]

1. e4 c6 2. d4 d5 3. e5 Bf5 4. g4 Bd7 5. Bd3 e6 6. Qe2 c5 7. dxc5 Bxc5 8. Nd2 Nc6 9. Ngf3 Nge7 10. Nb3 Bb6 11. h4 Qc7 12. Bf4 Nb4 13. c3 Nxd3+ 14. Qxd3 a6 15. Nbd4 Nc6 16. Nxc6 bxc6 17. Bg3 c5 18. Nd2 Bb5 19. c4 dxc4 20. Nxc4 Ba5+ 21. Kf1 Rd8 22. Qc2 Rd4 23. b3 0-0 24. Qe2 Rfd8 25. Kg1 Rd2 26. Qe3 R8d3 27. Qg5 Bxc4 28. bxc4 Qb7 29. Kh2 Bc3 30. Rab1 Bb2 31. Qf4 Qd7 32. Qe4 Qc8 33. Rxb2 Rd4 34. Qb1 Rxb2 35. Qxb2 Rxc4 36. Qe2 Ra4 37. Rd1 h6 38. Rd6 c4 39. Qd1 1-0

[Event "BCF-chT3N 1920 (4NCL)"]
[White "Taylor, Mike"]
[Black "Miah, Zahed"]
[Site "England"]
[Round "5.34"]
[Result "0-1"]
[Date "2020.02.08"]
[WhiteElo "1907"]
[BlackElo "1816"]
[PlyCount "102"]
[EventDate "2019.11.09"]
[EventType "team-swiss"]
[EventRounds "11"]
[EventCountry "ENG"]
[SourceTitle "EXT 2022"]
[Source "ChessBase"]
[SourceDate "2021.10.06"]
[SourceVersion "1"]
[SourceVersionDate "2021.10.06"]
[SourceQuality "1"]
[WhiteTeam "3C's II"]
[BlackTeam "Manx Liberty II"]
[WhiteTeamCountry "ENG"]
[BlackTeamCountry "ENG"]

1. d4 Nf6 2. c4 e6 3. Nc3 Bb4 4. e3 d5 5. a3 Bxc3+ 6. bxc3 0-0 7. Bd3 b6 8. Ne2 Bb7 9. f3 Nbd7 10. 0-0 c5 11. Ng3 Qc7 12. cxd5 Nxd5 13. Qc2 h6 14. Ne2 c4 15. Be4 f5 16. Bxd5 Bxd5 17. Bd2 Rae8 18. e4 Bb7 19. Ng3 f4 20. Ne2 e5 21. Rad1 b5 22. dxe5 g5 23. e6 Rxe6 24. Nd4 Qb6 25. Kh1 Ref6 26. Rg1 Ne5 27. Nf5 Nd3 28. Be1 Re8 29. h3 h5 30. g4 h4 31. Nd4 a6 32. Rb1 Bc6 33. Qa2 Rb8 34. a4 Qc7 35. Nf5 Kh7 36. axb5 axb5 37. Qg2 Ra8 38. Bf2 Ra2 39. Rgf1 Qa5 40. Qg1 Nxf2+ 41. Rxf2 Rf7 42. Rxa2 Qxa2 43. Ra1 Qe2 44. Nd4 Qd3 45. Nxc6 Qxf3+ 46. Kh2 Qxc3 47. e5 f3 48. e6 f2 49. Qg2 Qxa1 50. exf7 f1Q 51. Qe4+ Kg7 0-1

[Event "Isle of Man Major op"]
[White "Miah, Zahed"]
[Black "Berendsen, David"]
[Site "Isle of Man"]
[Round "6"]
[Result "1/2-1/2"]
[Date "2019.10.17"]
[WhiteElo "1851"]
[BlackElo "1761"]
[PlyCount "66"]
[EventDate "2019.10.12"]
[EventType "swiss"]
[EventRounds "7"]
[EventCountry "IOM"]
[SourceTitle "CBM 192 Extra"]
[Source "Chessbase"]
[SourceDate "2019.11.06"]
[SourceVersion "1"]
[SourceVersionDate "2019.11.06"]
[SourceQuality "1"]

1. e4 d6 2. d4 Nf6 3. Nc3 Nbd7 4. f4 e5 5. Nf3 exd4 6. Qxd4 c6 7. Bc4 d5 8. exd5 Bc5 9. Qd3 0-0 10. Ne5 Nxe5 11. fxe5 Ng4 12. Bf4 Nf2 13. Qf3 Nxh1 14. Ne4 Bf5 15. Nxc5 Qa5+ 16. Qc3 Qxc3+ 17. bxc3 b6 18. Na6 Be4 19. Nc7 cxd5 20. Bxd5 Bxd5 21. Nxd5 Rfd8 22. Ne3 Rac8 23. Ke2 Rxc3 24. Rxh1 h6 25. h4 Ra3 26. Ra1 Rd4 27. g3 Kf8 28. c4 a5 29. Nc2 Re4+ 30. Kd2 Ra4 31. Ne3 Ra3 32. Nc2 Ra4 33. Ne3 Ra3 1/2-1/2

[Event "Isle of Man Major op"]
[White "Miah, Zahed"]
[Black "Landenberger, Anja Kathrin"]
[Site "Isle of Man"]
[Round "3"]
[Result "1-0"]
[Date "2019.10.14"]
[WhiteElo "1851"]
[BlackElo "1788"]
[PlyCount "117"]
[EventDate "2019.10.12"]
[EventType "swiss"]
[EventRounds "7"]
[EventCountry "IOM"]
[SourceTitle "CBM 192 Extra"]
[Source "Chessbase"]
[SourceDate "2019.11.06"]
[SourceVersion "1"]
[SourceVersionDate "2019.11.06"]
[SourceQuality "1"]

1. e4 c6 2. d4 d5 3. e5 Bf5 4. Nf3 e6 5. Bd3 Ne7 6. 0-0 Nd7 7. Bg5 Bxd3 8. Qxd3 Qb6 9. Nbd2 c5 10. c3 h6 11. Be3 Nc6 12. b3 cxd4 13. Bxd4 Nxd4 14. cxd4 a5 15. Rfc1 Ba3 16. Rc2 0-0 17. Nb1 Be7 18. Nc3 Nb8 19. Na4 Qa6 20. Qxa6 Nxa6 21. Nb6 Rad8 22. a3 f6 23. g3 Kh7 24. Kg2 f5 25. Ne1 g5 26. f3 h5 27. Rc3 h4 28. Nc2 Kg7 29. Rb1 hxg3 30. hxg3 Rh8 31. Rh1 Rxh1 32. Kxh1 Rh8+ 33. Kg2 Bd8 34. Nd7 Kf7 35. Nc5 Nxc5 36. dxc5 Bc7 37. Re3 f4 38. Re2 g4 39. fxg4 fxg3 40. Kxg3 Rg8 41. Nd4 Rg5 42. Nf3 Rg8 43. Rh2 Kg6 44. Rh5 Rf8 45. Nh4+ Kg7 46. Rg5+ Kf7 47. Nf3 Bd8 48. Rh5 Kg6 49. Rh1 Be7 50. Rc1 Rc8 51. b4 axb4 52. axb4 Ra8 53. b5 Ra3 54. c6 bxc6 55. bxc6 Ra8 56. c7 Rc8 57. Nd4 Kf7 58. Nb5 Bg5 59. Nd6+ 1-0

[Event "BCF-chT3N 1819 (4NCL)"]
[White "Miah, Zahed"]
[Black "White, Mark"]
[Site "England"]
[Round "5.63"]
[Result "0-1"]
[Date "2019.02.09"]
[WhiteElo "1867"]
[BlackElo "2024"]
[PlyCount "46"]
[EventDate "2018.11.10"]
[EventType "team-swiss"]
[EventRounds "11"]
[EventCountry "ENG"]
[SourceTitle "EXT 2021"]
[Source "ChessBase"]
[SourceDate "2020.10.23"]
[SourceVersion "1"]
[SourceVersionDate "2020.10.23"]
[SourceQuality "1"]
[WhiteTeam "Manx Liberty II"]
[BlackTeam "Jorvik"]
[WhiteTeamCountry "ENG"]
[BlackTeamCountry "ENG"]

1. e4 c5 2. Nf3 Nc6 3. d4 cxd4 4. Nxd4 Nf6 5. Nc3 e5 6. Ndb5 d6 7. Bg5 a6 8. Bxf6 gxf6 9. Na3 f5 10. Bd3 fxe4 11. Bxe4 Be6 12. Nd5 Bg7 13. 0-0 0-0 14. Nc4 f5 15. Bf3 e4 16. Be2 Nd4 17. Ncb6 Be5 18. f4 Nxe2+ 19. Kh1 Nxf4 20. Rxf4 Bxf4 21. Nxa8 Bxd5 22. Qxd5+ Kh8 23. g3 Be5 0-1

[Event "Douglas IoM op-B"]
[White "Guetschow, Christian"]
[Black "Miah, Zahed"]
[Site "Douglas"]
[Round "3"]
[Result "0-1"]
[Date "2018.10.24"]
[WhiteElo "1856"]
[BlackElo "1733"]
[PlyCount "98"]
[EventDate "2018.10.22"]
[EventType "swiss"]
[EventRounds "7"]
[EventCountry "IOM"]
[SourceTitle "CBM 187 Extra"]
[Source "ChessBase"]
[SourceDate "2018.11.04"]
[SourceVersion "1"]
[SourceVersionDate "2018.11.04"]
[SourceQuality "1"]

1. e4 e5 2. Nf3 Nc6 3. d4 exd4 4. Bc4 Bc5 5. c3 Qf6 6. 0-0 Ne5 7. Nxe5 Qxe5 8. b4 Bb6 9. Bb2 d3 10. Qb3 Nh6 11. Nd2 0-0 12. Bxd3 d6 13. c4 Qh5 14. Qc3 f6 15. Rac1 a5 16. a3 Be6 17. c5 axb4 18. axb4 dxc5 19. Bc4 Bf7 20. Bxf7+ Nxf7 21. bxc5 Ba5 22. Qe3 Bxd2 23. Qxd2 Rfd8 24. Qb4 Qe2 25. Rfe1 Qd3 26. Re3 Qd2 27. Qxd2 Rxd2 28. Bc3 Rd7 29. Be1 Ra4 30. f3 Ne5 31. Re2 Nd3 32. Rd1 Nxc5 33. Rxd7 Nxd7 34. Bg3 c5 35. Rd2 Rd4 36. Rxd4 cxd4 37. Kf2 Kf7 38. Ke2 Ne5 39. f4 Nc6 40. Kd3 b5 41. h3 Ke7 42. Be1 Kd6 43. Bd2 Kc5 44. h4 b4 45. h5 b3 46. g4 Nb4+ 47. Bxb4+ Kxb4 48. e5 fxe5 49. f5 e4+ 0-1

[Event "BCF-chT3N 1617 (4NCL)"]
[White "Nezis, Anastasios"]
[Black "Miah, Zahed"]
[Site "England"]
[Round "2.95"]
[Result "1-0"]
[Date "2016.11.27"]
[WhiteElo "1888"]
[BlackElo "1817"]
[PlyCount "35"]
[EventDate "2016.11.26"]
[EventType "team-swiss"]
[EventRounds "11"]
[EventCountry "ENG"]
[SourceTitle "EXT 2019"]
[Source "ChessBase"]
[SourceDate "2018.10.10"]
[SourceVersion "1"]
[SourceVersionDate "2018.10.10"]
[SourceQuality "1"]
[WhiteTeam "Jorvik"]
[BlackTeam "Manx Liberty"]
[WhiteTeamCountry "ENG"]
[BlackTeamCountry "IOM"]

1. e4 c5 2. Nf3 d6 3. d4 cxd4 4. Nxd4 Nf6 5. Nc3 a6 6. Bg5 e6 7. f4 Be7 8. Qf3 Qc7 9. 0-0-0 Nbd7 10. g4 b5 11. Bxf6 Bxf6 12. Bxb5 axb5 13. Ndxb5 Qa5 14. Nxd6+ Ke7 15. e5 Bh4 16. Qc6 Ra6 17. Nxc8+ Rxc8 18. Qxd7+ 1-0

[Event "BCF-chT3N 1617 (4NCL)"]
[White "Miah, Zahed"]
[Black "Johnson, Paul A"]
[Site "England"]
[Round "1.95"]
[Result "0-1"]
[Date "2016.11.26"]
[WhiteElo "1817"]
[BlackElo "1868"]
[PlyCount "88"]
[EventDate "2016.11.26"]
[EventType "team-swiss"]
[EventRounds "11"]
[EventCountry "ENG"]
[SourceTitle "EXT 2019"]
[Source "ChessBase"]
[SourceDate "2018.10.10"]
[SourceVersion "1"]
[SourceVersionDate "2018.10.10"]
[SourceQuality "1"]
[WhiteTeam "Manx Liberty"]
[BlackTeam "Bradford DCA Knights II"]
[WhiteTeamCountry "IOM"]
[BlackTeamCountry "ENG"]

1. e4 e5 2. Nf3 Nc6 3. Bb5 a6 4. Ba4 Nf6 5. 0-0 Be7 6. Re1 b5 7. Bb3 d6 8. h3 0-0 9. c3 Na5 10. Bc2 c5 11. d3 Qc7 12. Nbd2 Re8 13. Nf1 g6 14. Bg5 Nh5 15. Ne3 Bxg5 16. Nxg5 f6 17. Nd5 Qd8 18. Nf3 Be6 19. d4 cxd4 20. cxd4 Rc8 21. a4 Nc4 22. axb5 axb5 23. b3 Nb6 24. Bd3 Nxd5 25. exd5 Bxd5 26. Bxb5 Re7 27. dxe5 dxe5 28. Re3 Be6 29. Rd3 Qb6 30. Bc4 Bxc4 31. bxc4 e4 32. Rd6 Qc5 33. Rd8+ Rxd8 34. Qxd8+ Kg7 35. Ra8 Rb7 36. Nd4 Kh6 37. Rc8 Rb1+ 38. Kh2 Qe5+ 39. g3 e3 40. Qf8+ Ng7 41. Rd8 exf2 42. Rd7 Rh1+ 43. Kxh1 f1Q+ 44. Kh2 Qf2+ 0-1

[Event "Douglas IoM Major op"]
[White "Miah, Zahed"]
[Black "Sedgwick, David"]
[Site "Douglas"]
[Round "1"]
[Result "1/2-1/2"]
[Date "2016.10.03"]
[WhiteElo "1857"]
[BlackElo "1970"]
[PlyCount "79"]
[EventDate "2016.10.03"]
[EventType "swiss"]
[EventRounds "7"]
[EventCountry "IOM"]
[SourceTitle "EXT 2019"]
[Source "ChessBase"]
[SourceDate "2018.10.10"]
[SourceVersion "1"]
[SourceVersionDate "2018.10.10"]
[SourceQuality "1"]

1. e4 e6 2. d4 d5 3. exd5 exd5 4. Bd3 Bd6 5. Nc3 Ne7 6. Qh5 Nbc6 7. Nge2 Nb4 8. 0-0 Nxd3 9. cxd3 Bf5 10. Bg5 Bg6 11. Qf3 f6 12. Bf4 c6 13. Rfe1 0-0 14. h4 Bxf4 15. Nxf4 Qd7 16. Nce2 Rae8 17. g4 Nc8 18. Nxg6 hxg6 19. Ng3 Nd6 20. h5 Rxe1+ 21. Rxe1 Re8 22. Rf1 Qf7 23. Kg2 Nb5 24. hxg6 Qxg6 25. Nf5 Re6 26. Qf4 Qf7 27. Rh1 Qc7 28. Qf3 Qf7 29. Qh3 Kf8 30. Qh8+ Qg8 31. Qh2 g6 32. Nh6 Qg7 33. Qf4 Qc7 34. Qc1 Qg7 35. g5 f5 36. Qf4 Qc7 37. Qh4 Qg7 38. Qf4 Qc7 39. Qh4 Qg7 40. Qf4 1/2-1/2

[Event "BCF-chT3Nb 1516 (4NCL)"]
[White "Miah, Zahed"]
[Black "Bimpson, Tom"]
[Site "England"]
[Round "7.118"]
[Result "0-1"]
[Date "2016.03.19"]
[WhiteElo "1667"]
[BlackElo "2048"]
[PlyCount "98"]
[EventDate "2015.11.14"]
[EventType "team-swiss"]
[EventRounds "7"]
[EventCountry "ENG"]
[SourceTitle "EXT 2017"]
[Source "ChessBase"]
[SourceDate "2016.10.25"]
[SourceVersion "1"]
[SourceVersionDate "2016.10.25"]
[SourceQuality "1"]
[WhiteTeam "Manx Ravens"]
[BlackTeam "Spirit of Atticus II"]
[WhiteTeamCountry "ENG"]
[BlackTeamCountry "ENG"]

1. d4 d6 2. Nf3 Nf6 3. c4 Bg4 4. e3 c6 5. Nc3 Nbd7 6. h3 Bh5 7. Be2 e5 8. Qc2 Be7 9. b3 0-0 10. 0-0 Rc8 11. Rd1 Qc7 12. Bb2 Rfe8 13. dxe5 dxe5 14. Rd2 Nc5 15. e4 Bg6 16. Bd3 Nxd3 17. Qxd3 Rcd8 18. Qe3 Rxd2 19. Nxd2 Qa5 20. Na4 Bb4 21. Nc3 Bc5 22. Qe2 Bd4 23. Qf3 Rd8 24. Rd1 Bxc3 25. Bxc3 Qxa2 26. Ra1 Qc2 27. Rxa7 h6 28. Bxe5 Qxd2 29. Bxf6 Qd1+ 30. Qxd1 Rxd1+ 31. Kh2 gxf6 32. Rxb7 Bxe4 33. f3 Bc2 34. Rb6 Rd6 35. b4 Re6 36. b5 cxb5 37. Rb8+ Kg7 38. cxb5 Bb3 39. b6 Rc6 40. Kg3 f5 41. Kf4 Kf6 42. Rh8 Rc4+ 43. Kg3 Rb4 44. Rxh6+ Ke5 45. h4 Be6 46. h5 f4+ 47. Kh4 Rxb6 48. Rh8 Rb1 49. h6 Kf6 0-1